| 000 | 01649nam a22003257a 4500 | ||
|---|---|---|---|
| 001 | BRCA_9202 | ||
| 003 | FranzMayer | ||
| 005 | 20220809125645.0 | ||
| 008 | 220713b |||||||| |||| 00| 0 eng d | ||
| 020 | _a9786079851415 | ||
| 040 |
_bspa _cMFM |
||
| 041 |
_aspa _aeng |
||
| 050 |
_aNK3720.M4 _bF45 2020 |
||
| 245 | 1 | 0 |
_aFelix Tissot / _ccuraduría, Ana Elena Mallet. |
| 264 | 1 |
_aCiudad de México : _bFauna, _c2020. |
|
| 300 |
_a190 p. : _bil., fot. ; _c18 x 24 cm. |
||
| 336 |
_atext _btxt _2rdacontent |
||
| 337 |
_aunmediated _bn _2rdamedia |
||
| 338 |
_avolume _bnc _2rdacarrier |
||
| 500 | _aUbicación: L60-N1 | ||
| 500 | _aEste libro se publicó con motivo de la exposición "Feliz Tissot: lo eterno y lo moderno", llevada a cabo en el Museo Franz Mayer, Ciudad de México (12 de noviembre de 2019 - 16 de febrero de 2020). | ||
| 500 | _aIncluye un apartado escrito por la antropóloga Gobi Stromberg. | ||
| 504 | _aBibliografía: pp. 188-189 | ||
| 520 | _aAna Elena Mallet moldea la trayectoria creativa de Tissot y transmite las cualidades que lo hicieron un pionero del diseño, no sólo por los objetos que creaba, sino por la visión para proponer un modo de producción inclusivo y colaborativo, aunada a la sensibilidad para unir lo mejor de varios mundos en una empresa que hoy en día se llamaría "sustentable". - Proporcionado por el editor. | ||
| 600 | 1 | 0 |
_aTissot, Félix, _d1909 - 1989 _vExposiciones _928448 |
| 650 | 0 |
_aCerámica _ySiglo XX _vExposiciones _928449 _zMéxico |
|
| 650 | 0 |
_aCerámica _zMexico _zTaxco de Alarcón _ySiglo XX _vExposiciones _928450 |
|
| 942 |
_cB _2lcc |
||
| 999 |
_c10821 _d10821 |
||